| 000 | 00365nam a22001577a 4500 | ||
|---|---|---|---|
| 003 | SGT | ||
| 020 | _a9789384266523 | ||
| 082 |
_a615.4 _bP26B |
||
| 100 | _aBHASKARAN, SHYAMALA | ||
| 245 | _aPHYSICAL PHARMACEUTICS | ||
| 260 |
_aNEW DELHI _bBIRLA PUB. _c2026 |
||
| 300 | _a214 | ||
| 650 | _aPHARMACY | ||
| 653 | _aPHYSICAL, PHARMACEUTICS, SUTICS | ||
| 942 |
_2ddc _cBK |
||
| 999 |
_c34801 _d34801 |
||